000 00711nam a2200241Ia 4500
008 160418s9999 xx 000 0 und d
020 _a971-574-086-3
050 _aFIL PE 1408
050 _b.E87 2004
100 _aEspina, Felicidad P.
245 2 _aA Manual in english composition /
245 _cFelicidad P. Espina.
250 _aRevised Edition
260 _aQuezon City:
260 _bKatha Pub. Co., Inc.,
260 _c2004
300 _a214 pages :
300 _billustrations ;
300 _c22 cm.
500 _aIncludes bibliographical references.
650 _aEnglish language -- Rhetoric -- Handbooks, manuals, etc.
650 _xEnglish language -- Composition and excersies.
999 _c293455
_d293455